<The> Gambia sustains economic reforms, significantly improves performance.

Rozbor výsledkov dosiahnutých Gambiou pri uplatňovaní makroekonomických a štrukturálnych reforiem od júna 1985 za podpory programov MMF. Popis jednotlivých druhov zavádzaných reforiem a ich priebehu. Orientácia hospodárstva Gambie na trh a uplatňovanie reštriktívnej rozpočtovej a menovej politiky. S...

Descrizione completa

Salvato in:
Dettagli Bibliografici
Natura: Capitolo di libro
Lingua:inglese
Soggetti:
Tags: Aggiungi Tag
Nessun Tag, puoi essere il primo ad aggiungerne!!

MARC

LEADER 00000naa a2200000 4500
001 r011013
005 20220913122323.2
041 0 |a eng 
044 |a US 
245 1 0 |a <The> Gambia sustains economic reforms, significantly improves performance. 
520 |a Rozbor výsledkov dosiahnutých Gambiou pri uplatňovaní makroekonomických a štrukturálnych reforiem od júna 1985 za podpory programov MMF. Popis jednotlivých druhov zavádzaných reforiem a ich priebehu. Orientácia hospodárstva Gambie na trh a uplatňovanie reštriktívnej rozpočtovej a menovej politiky. Sociálne dopady reforiem. 
610 2 0 |a reformy hospodárske 
610 2 0 |a Medzinárodný menový fond 
610 2 0 |a Gambia 
610 2 0 |a 1985-1992 
610 2 0 |a zmeny štruktúrne 
610 2 0 |a politika menová 
610 2 0 |a hospodárstvo trhové 
610 2 0 |a ukazovatele ekonomické 
610 2 0 |a politika sociálna